INTRODUCTION TO THE LAW OF TORTS AND CONSUMER (Record no. 9576)
[ view plain ]
| 000 -LEADER | |
|---|---|
| fixed length control field | 00362nam a22001577a 4500 |
| 003 - CONTROL NUMBER IDENTIFIER | |
| control field | SGT |
| 020 ## - INTERNATIONAL STANDARD BOOK NUMBER | |
| International Standard Book Number | 9788180388446 |
| 082 ## - DEWEY DECIMAL CLASSIFICATION NUMBER | |
| Classification number | 346.30954,SIN |
| 100 ## - MAIN ENTRY--PERSONAL NAME | |
| Personal name | SINGH, AVTAR |
| 245 ## - TITLE STATEMENT | |
| Title | INTRODUCTION TO THE LAW OF TORTS AND CONSUMER |
| 250 ## - EDITION STATEMENT | |
| Edition statement | 3RD |
| 260 ## - PUBLICATION, DISTRIBUTION, ETC. (IMPRINT) | |
| Place of publication, distribution, etc | GURGAON |
| Name of publisher, distributor, etc | LEXIS NEXIS |
| Year of Publication | 2013 |
| 300 ## - PAGE DESCRIPTION | |
| No. of Pages | 363 |
| 650 ## - SUBJECT ADDED ENTRY--TOPICAL TERM | |
| Topical term or geographic name as entry element | LAW OF TORTS |
| 942 ## - ADDED ENTRY ELEMENTS (KOHA) | |
| Source of classification or shelving scheme | Dewey Decimal Classification |
| Koha item type | Books |
| 942 ## - ADDED ENTRY ELEMENTS (KOHA) | |
| -- | 6 |
| Withdrawn status | Lost status | Source of classification or shelving scheme | Damaged status | Not for loan | Collection code | Home library | Current library | Shelving location | Date acquired | Vendor Name | Cost, normal purchase price | SGTU | Bill Number | Total Checkouts | Total Renewals | Full call number | Accession No. (Barcode) | Date last seen | Date last borrowed | Bill Date | Koha item type |
|---|---|---|---|---|---|---|---|---|---|---|---|---|---|---|---|---|---|---|---|---|---|
| Dewey Decimal Classification | LAW | SGT Science & Social Sciences Library | SGT Science & Social Sciences Library | Text Book | 21/07/2016 | SATYAM BOOKS | 450.00 | SGTU | 985 | 5 | 1 | 346.30954,SIN | FL101 | 09/01/2025 | 25/12/2024 | 22/01/2014 | Books | ||||
| Dewey Decimal Classification | LAW | SGT Science & Social Sciences Library | SGT Science & Social Sciences Library | Text Book | 21/07/2016 | SATYAM BOOKS | 450.00 | SGTU | 985 | 7 | 1 | 346.30954,SIN | FL102 | 01/02/2021 | 21/01/2021 | 22/01/2014 | Books | ||||
| Dewey Decimal Classification | LAW | SGT Science & Social Sciences Library | SGT Science & Social Sciences Library | Text Book | 21/07/2016 | SATYAM BOOKS | 450.00 | SGTU | 985 | 5 | 1 | 346.30954,SIN | FL103 | 14/12/2021 | 02/11/2021 | 22/01/2014 | Books | ||||
| Dewey Decimal Classification | LAW | SGT Science & Social Sciences Library | SGT Science & Social Sciences Library | Text Book | 21/07/2016 | SATYAM BOOKS | 450.00 | SGTU | 985 | 4 | 1 | 346.30954,SIN | FL104 | 21/10/2024 | 01/10/2024 | 22/01/2014 | Books | ||||
| Dewey Decimal Classification | Not For Loan | LAW | SGT Science & Social Sciences Library | SGT Science & Social Sciences Library | Reference Book | 21/07/2016 | SATYAM BOOKS | 450.00 | SGTU | 985 | 346.30954,SIN | FL105 | 21/07/2016 | 22/01/2014 | Books | ||||||
| Withdrawn | Lost | Dewey Decimal Classification | LAW | SGT Science & Social Sciences Library | SGT Science & Social Sciences Library | Text Book | 21/07/2016 | SATYAM BOOKS | 450.00 | SGTU | 985 | 346.30954,SIN | FL106 | 21/07/2016 | 22/01/2014 | Books | |||||
| Withdrawn | Lost | Dewey Decimal Classification | LAW | SGT Science & Social Sciences Library | SGT Science & Social Sciences Library | Text Book | 21/07/2016 | SATYAM BOOKS | 450.00 | SGTU | 985 | 346.30954,SIN | FL107 | 21/07/2016 | 22/01/2014 | Books |